[Event "2. Online Aktivschach WM"]
[Site "Achtelfinale S4 / Chessgate"]
[Date "2006.03.05"]
[Round "3"]
[White "Milano Pro, Mephisto"]
[Black "Resurrection Ruffian, Phoenix Chess"]
[Result "1/2-1/2"]
[WhiteElo "2124"]
[BlackElo "2400"]
[PlyCount "79"]

1. d4 Nf6 2. c4 g6 3. Nc3 Bg7 4. e4 d6 5. Nf3 O-O 6. Be2 e5 7. O-O Nc6 8. d5
Ne7 9. Ne1 Ne8 10. Nd3 f5 11. Re1 Nf6 12. exf5 Nxf5 13. Bg5 h6 14. Bxf6 Qxf6
15. Bg4 h5 16. Bh3 Qe7 17. b4 Kh8 18. c5 a5 19. a3 axb4 20. axb4 Rxa1 21. Qxa1
g5 22. f3 Qf7 23. Qd1 Bd7 24. Qd2 Ra8 25. Ne4 Bh6 26. cxd6 g4 27. Nxe5 Qg7 28.
Qc3 Be3+ 29. Rxe3 Nxe3 30. Bxg4 hxg4 31. Qxe3 Ra1+ 32. Kf2 Qxe5 33. Qh6+ Kg8
34. Nf6+ Kf7 35. Qh7+ Kxf6 36. Qh8+ Kf5 37. Qh5+ Kf6 38. Qh8+ Kf5 39. Qh5+ Kf6
40. Qh8+ 1/2-1/2

[Event "2. Online Aktivschach WM"]
[Site "Achtelfinale S4 / Chessgate"]
[Date "2006.03.07"]
[Round "4"]
[White "Resurrection Ruffian, Phoenix Chess"]
[Black "Milano Pro, Mephisto"]
[Result "1-0"]
[WhiteElo "2400"]
[BlackElo "2124"]
[PlyCount "155"]

1. c4 c5 2. Nf3 Nc6 3. Nc3 Nf6 4. e4 g6 5. d4 cxd4 6. Nxd4 Nxd4 7. Qxd4 d6 8.
Bg5 Bg7 9. Qd2 O-O 10. Be2 b6 11. Bf3 Bb7 12. O-O Nd7 13. Nd5 f6 14. Be3 Ne5
15. Be2 Rc8 16. b3 e6 17. Nc3 Nf7 18. Rad1 Qe7 19. Qd3 Rfe8 20. Rd2 Ra8 21.
Rfd1 Red8 22. Nb5 d5 23. exd5 exd5 24. Qc2 a6 25. Nc3 dxc4 26. bxc4 Rxd2 27.
Rxd2 Qe6 28. Qb3 b5 29. cxb5 Qxb3 30. axb3 axb5 31. Bxb5 Ne5 32. f4 Ng4 33.
Bc4+ Kh8 34. Bd4 f5 35. Bxg7+ Kxg7 36. Rd7+ Kh6 37. Rxb7 Ra1+ 38. Bf1 Ne3 39.
Kf2 Ng4+ 40. Kg3 Rxf1 41. Nd5 Rd1 42. h3 Nf2 43. Ne7 Ne4+ 44. Kh4 Nf6 45. g4
fxg4 46. hxg4 Nd7 47. Nc6 Rh1+ 48. Kg3 Rg1+ 49. Kf3 Rf1+ 50. Ke2 Rxf4 51. Rxd7
Rxg4 52. b4 Rg1 53. b5 Rb1 54. Nd4 g5 55. Kf3 Kg6 56. Rd6+ Kh5 57. b6 Rb4 58.
Ke4 Kg4 59. Rh6 Kg3 60. Kd5 Rb1 61. Kc5 Rc1+ 62. Kb4 Rd1 63. Nb3 Rd8 64. Rxh7
Kf4 65. Nc5 Ke5 66. Rg7 Kf6 67. Rxg5 Rb8 68. Nd7+ Kxg5 69. Nxb8 Kf5 70. Kc5 Kf4
71. b7 Ke4 72. Nc6 Kf3 73. b8=Q Ke3 74. Qg3+ Ke4 75. Qf2 Kd3 76. Nd4 Ke4 77.
Qf3+ Ke5 78. Qf5# 1-0

[Event "2. Online Aktivschach WM"]
[Site "Achtelfinale S5 / Chessgate"]
[Date "2006.02.26"]
[Round "1"]
[White "Atlanta, Mephisto"]
[Black "Mach IV, Fidelity"]
[Result "1-0"]
[WhiteElo "2232"]
[BlackElo "2177"]
[PlyCount "101"]

1. d4 c6 2. e4 d5 3. Nc3 dxe4 4. Bc4 Nf6 5. f3 Qa5 6. Bd2 Qb6 7. fxe4 Qxd4 8.
Qe2 Bg4 9. Nf3 Bxf3 10. gxf3 b5 11. Bd3 b4 12. Na4 e5 13. O-O-O Qd8 14. Bc4 Qa5
15. Bb3 Qa6 16. Qxa6 Nxa6 17. Be3 Nb8 18. Rd3 Nbd7 19. Rg1 c5 20. Bc4 Rb8 21.
Rgd1 Be7 22. Ba6 g6 23. c4 bxc3 24. bxc3 c4 25. Bxc4 Ba3+ 26. Kc2 Rb7 27. Ba6
Rc7 28. Bg5 Kf8 29. Bb5 h6 30. Rxd7 Nxd7 31. Bd8 Rc8 32. Rxd7 Kg7 33. Bc7 Rce8
34. Nb2 Re7 35. Nc4 Rxd7 36. Bxd7 Bc5 37. Nxe5 f6 38. Nc6 Rh7 39. Bf4 g5 40.
Bg3 Kf8 41. Bf5 Rb7 42. Nd8 Rb5 43. a4 Ra5 44. Nb7 Rxa4 45. Nxc5 Ra2+ 46. Kb3
Ra1 47. Bc7 Kg7 48. Bg4 Rd1 49. Kc4 Rb1 50. Bh5 Ra1 51. Bd8 1-0

[Event "2. Online Aktivschach WM"]
[Site "Achtelfinale S5 / Chessgate"]
[Date "2006.02.28"]
[Round "2"]
[White "Mach IV, Fidelity"]
[Black "Atlanta, Mephisto"]
[Result "0-1"]
[WhiteElo "2177"]
[BlackElo "2232"]
[PlyCount "88"]

1. e4 c5 2. Nf3 d6 3. Bb5+ Nc6 4. d4 cxd4 5. Qxd4 Bd7 6. Qc4 a6 7. Bxc6 Bxc6 8.
Nc3 Nf6 9. Qd4 g6 10. O-O Bg7 11. Bg5 O-O 12. Qe3 Ng4 13. Qf4 Ne5 14. Nxe5 Bxe5
15. Qh4 f6 16. Bh6 Bxc3 17. Bxf8 Bxb2 18. Rab1 Be5 19. Bh6 Qa5 20. Qg4 Qxa2 21.
Kh1 Qc4 22. f3 b5 23. Qh3 a5 24. Rbd1 a4 25. Rfe1 a3 26. Bd2 a2 27. c3 Bxc3 28.
Bxc3 Qxc3 29. Qe6+ Kf8 30. h3 a1=Q 31. Rxa1 Rxa1 32. Qc8+ Kf7 33. Rxa1 Qxa1+
34. Kh2 Qe5+ 35. Kh1 Be8 36. Qc2 d5 37. Qa2 Bc6 38. Qa6 Qe6 39. exd5 Qxd5 40.
Qa5 h5 41. Qe1 e5 42. Qa5 e4 43. fxe4 Qxe4 44. Qc7+ Ke6 0-1

[Event "2. Online Aktivschach WM"]
[Site "Achtelfinale S5 / Chessgate"]
[Date "2006.03.04"]
[Round "3"]
[White "Atlanta, Mephisto"]
[Black "Mach IV, Fidelity"]
[Result "1-0"]
[WhiteElo "2232"]
[BlackElo "2177"]
[PlyCount "127"]
[TimeControl "36000+60"]

1. d4 d5 2. Nf3 Nf6 3. Bf4 c5 4. c3 Qb6 5. Qb3 Nc6 6. Na3 Qa5 7. Qb5 Qd8 8. Ne5
cxd4 9. cxd4 Nh5 10. Bd2 a6 11. Nxc6 Qd6 12. Nc4 dxc4 13. Qxh5 Qxc6 14. e3 g6
15. Qc5 Qxc5 16. dxc5 e5 17. Bxc4 Bxc5 18. Rc1 Bd6 19. Bc3 O-O 20. Ke2 Rb8 21.
Rhd1 b5 22. Rxd6 bxc4 23. Bxe5 Rb5 24. Bc3 Bb7 25. f3 Rh5 26. h3 Rg5 27. g4 Rd5
28. Rxd5 Bxd5 29. Rd1 Be6 30. Rd6 Ra8 31. f4 Kf8 32. e4 Ke7 33. Bb4 Ke8 34. Ke3
c3 35. bxc3 Bxa2 36. Kd4 a5 37. Ba3 Be6 38. c4 Rc8 39. c5 Bd7 40. Ra6 a4 41.
Ke5 Bc6 42. Ra7 Ra8 43. Rc7 Ra6 44. Rc8+ Kd7 45. Rf8 Ke7 46. Rh8 h6 47. Rxh6
Ra8 48. f5 Re8 49. Kf4 Kd7 50. e5 g5+ 51. Kxg5 Rxe5 52. Bb4 Re4 53. Rd6+ Kc7
54. Ba5+ Kb7 55. Kf6 Rc4 56. Kxf7 Rxc5 57. Be1 a3 58. Rd1 a2 59. Ra1 Bb5 60.
Ke6 Bc4+ 61. Kf6 Rb5 62. h4 Kc6 63. h5 Rb6 64. h6 1-0

[Event "2. Online Aktivschach WM"]
[Site "Achtelfinale S5 / Chessgate"]
[Date "2006.03.05"]
[Round "4"]
[White "Mach IV, Fidelity"]
[Black "Atlanta, Mephisto"]
[Result "0-1"]
[WhiteElo "2177"]
[BlackElo "2232"]
[PlyCount "112"]

1. d4 c5 2. d5 e5 3. e4 d6 4. Nc3 Nf6 5. Nf3 Be7 6. Bb5+ Nbd7 7. O-O O-O 8. a4
a6 9. Be2 Re8 10. b3 b6 11. Nh4 Nf8 12. Nf5 Bxf5 13. exf5 Qc8 14. Qd3 Qc7 15.
Bd2 N6d7 16. Qg3 Bf6 17. Ne4 Kh8 18. a5 b5 19. c4 b4 20. Bd3 Bd8 21. Qf3 Nf6
22. Rfe1 Nxe4 23. Qxe4 Nd7 24. Qe3 Nf6 25. Qf3 Ng8 26. Qh3 Qd7 27. f4 Bf6 28.
Rac1 Qd8 29. Qh5 Ra7 30. Kh1 Rae7 31. Re4 Qxa5 32. Rb1 Qa2 33. Qd1 exf4 34.
Rxe7 Rxe7 35. Bxf4 Be5 36. Bxe5 Rxe5 37. Bc2 Re3 38. Kg1 Rc3 39. Bd3 g6 40.
fxg6 fxg6 41. h3 a5 42. Kh1 Kg7 43. Kh2 Qf2 44. Kh1 Qd4 45. Be2 Qxd1+ 46. Bxd1
a4 47. Kg1 axb3 48. Bxb3 Nh6 49. Kf2 Nf5 50. Rb2 Nd4 51. Bd1 Rxc4 52. Ra2 b3
53. Ra7+ Kf6 54. Rb7 Rb4 55. Rxb4 cxb4 56. Bxb3 Nxb3 0-1

[Event "2. Online Aktivschach WM"]
[Site "Achtelfinale S6 / Chessgate"]
[Date "2006.02.28"]
[Round "1"]
[White "Elite V11, Fidelity"]
[Black "R30 V2.5, TASC."]
[Result "1-0"]
[WhiteElo "2296"]
[BlackElo "2331"]
[PlyCount "131"]

1. d4 Nf6 2. Nf3 d5 3. c4 dxc4 4. e3 e6 5. Bxc4 c5 6. O-O a6 7. a4 Nc6 8. Qe2
Qc7 9. Nc3 Bd6 10. Rd1 O-O 11. h3 Re8 12. dxc5 Bxc5 13. e4 Nd7 14. Be3 b6 15.
Rac1 Bb7 16. Bxc5 bxc5 17. Rc2 Nde5 18. Rcd2 Nxf3+ 19. Qxf3 Rad8 20. Qh5 Nd4
21. Qg5 e5 22. Nd5 Bxd5 23. Bxd5 Qa5 24. b3 Qb6 25. Rd3 a5 26. R1d2 g6 27. Rd1
Kg7 28. Bc4 h6 29. Qg4 Qb7 30. R1d2 h5 31. Qh4 f6 32. Kh1 g5 33. Qxh5 Rh8 34.
Qg4 Rh4 35. Qd1 Qxe4 36. f3 Qb7 37. Qe1 Rd6 38. Rd1 Qb6 39. Qd2 Rh8 40. Kh2
Rhd8 41. Qe1 Qb8 42. Kg1 Qa7 43. Kh1 Qc7 44. Qe4 Rh8 45. Kg1 Rh4 46. Qe1 Rd8
47. R3d2 Qb7 48. Qe3 e4 49. fxe4 Rxe4 50. Qf2 Qe7 51. Kh1 Re3 52. Rd3 Re2 53.
Qg1 Rc2 54. Re3 Qb7 55. Rf1 f5 56. Bd3 Rb2 57. Bxf5 Rxb3 58. Bd3 Kh8 59. Rf6
Qg7 60. Rg6 Qf7 61. Rxg5 Ne6 62. Qa1+ Rd4 63. Rxc5 Qf2 64. Rh5+ Kg7 65. Rg5+
Kf8 66. Rf5+ 1-0

[Event "2. Online Aktivschach WM"]
[Site "Achtelfinale S6 / Chessgate"]
[Date "2006.03.02"]
[Round "2"]
[White "R30 V2.5, TASC."]
[Black "Elite V11, Fidelity"]
[Result "1-0"]
[WhiteElo "2331"]
[BlackElo "2296"]
[PlyCount "119"]

1. e4 e5 2. Nf3 Nc6 3. Bb5 a6 4. Ba4 Nf6 5. d4 exd4 6. O-O Be7 7. Re1 O-O 8. e5
Ne8 9. c3 dxc3 10. Nxc3 d6 11. exd6 Bxd6 12. Bxc6 bxc6 13. Bg5 Qd7 14. Rc1 Qf5
15. Ne4 f6 16. Bd2 Rb8 17. Qc2 Qd5 18. b3 Bd7 19. Rcd1 Bg4 20. Be3 Qb5 21. Nc5
Bxf3 22. gxf3 Rf7 23. a4 Qb6 24. Rc1 Bxc5 25. Bxc5 Qb7 26. b4 Nd6 27. Qa2 Kh8
28. Rc2 Rd8 29. Rce2 Rff8 30. Qc2 Rg8 31. Re7 Nc8 32. R7e4 Rd5 33. Rh4 f5 34.
Rf4 Nd6 35. Re7 Qc8 36. Qe2 Qd8 37. h4 Nb7 38. Rc4 Rd2 39. Qe5 Qd3 40. Rd4 Rd1+
41. Kh2 Qxf3 42. Rxd1 Qxd1 43. Bd4 Qg4 44. Rxg7 Qxg7 45. Qf4 Nd6 46. h5 c5 47.
bxc5 Ne8 48. Bxg7+ Kxg7 49. Qe5+ Kf8 50. Qxf5+ Kg7 51. Qd7+ Kf8 52. Qxh7 Rg7
53. Qh8+ Kf7 54. Kh3 c6 55. h6 Rg5 56. h7 Rh5+ 57. Kg4 Nf6+ 58. Qxf6+ Kxf6 59.
Kxh5 Kg7 60. h8=Q+ 1-0

[Event "2. Online Aktivschach WM"]
[Site "Achtelfinale S6 / Chessgate"]
[Date "2006.03.02"]
[Round "3"]
[White "Elite V11, Fidelity"]
[Black "R30 V2.5, TASC."]
[Result "0-1"]
[WhiteElo "2296"]
[BlackElo "2331"]
[PlyCount "128"]

1. d4 d5 2. Nf3 e6 3. c4 Nf6 4. Nc3 Be7 5. Bf4 O-O 6. e3 c5 7. dxc5 Bxc5 8.
cxd5 exd5 9. Be2 Nc6 10. O-O Be6 11. Rc1 Qe7 12. Bg5 Rfd8 13. Qa4 h6 14. Bh4
Rac8 15. Rfd1 g5 16. Bg3 Bf5 17. a3 a6 18. Rd2 Ba7 19. Rcd1 Qe6 20. Qb3 b5 21.
Qa2 g4 22. Nh4 Bh7 23. Bf4 Ne7 24. Bf1 Kg7 25. Bd3 Bxd3 26. Rxd3 Nh5 27. Bg3
Kf8 28. Qb3 Bb6 29. Kh1 Rc4 30. R3d2 Nxg3+ 31. hxg3 d4 32. Kg1 Nc6 33. exd4
Nxd4 34. Qa2 f5 35. Qb1 Qf6 36. Ne2 Nxe2+ 37. Rxe2 Rxd1+ 38. Qxd1 Re4 39. Rd2
Qe6 40. Kh2 Re1 41. Qc2 Re5 42. Qc3 Kf7 43. Rd7+ Qxd7 44. Qxe5 Bd4 45. Qf4 Bxb2
46. Nxf5 Bxa3 47. Nxh6+ Ke8 48. Qe4+ Kd8 49. Qg6 Bd6 50. Nxg4 a5 51. f4 a4 52.
Nf6 Qc6 53. f5 b4 54. Qg8+ Kc7 55. Nd5+ Kb7 56. f6 Qc4 57. Qa8+ Kxa8 58. Nb6+
Kb7 59. Nxc4 Kc7 60. f7 Bf8 61. g4 b3 62. g5 a3 63. Nxa3 Bxa3 64. g6 Bf8 0-1

[Event "2. Online Aktivschach WM"]
[Site "Achtelfinale S6 / Chessgate"]
[Date "2006.03.03"]
[Round "4"]
[White "R30 V2.5, TASC."]
[Black "Elite V11, Fidelity"]
[Result "1/2-1/2"]
[WhiteElo "2331"]
[BlackElo "2296"]
[PlyCount "68"]

1. e4 e5 2. Nf3 Nc6 3. Bb5 Nge7 4. O-O g6 5. c3 Bg7 6. d4 exd4 7. cxd4 d5 8.
exd5 Nxd5 9. Re1+ Be6 10. Bg5 Qd6 11. Nc3 O-O 12. Qd2 Nce7 13. Bxe7 Nxe7 14.
Rac1 Nf5 15. d5 Bh6 16. Qe2 Bxd5 17. Rcd1 Bxf3 18. Qxf3 Qb6 19. Bd7 Nd4 20. Qe4
Bg7 21. Nd5 Qxb2 22. Rb1 Qxa2 23. Rxb7 f5 24. Be6+ Kh8 25. Qe3 Rae8 26. Nxc7
Nxe6 27. Nxe6 f4 28. Qh3 Rg8 29. Rxg7 Rxg7 30. Qc3 Rxe6 31. Qc8+ Rg8 32. Qc3+
Rg7 33. Qc8+ Rg8 34. Qc3+ Rg7 1/2-1/2

[Event "2. Online Aktivschach WM"]
[Site "Viertelfinale A / Chessgate"]
[Date "2006.03.05"]
[Round "1"]
[White "R30 V2.2, TASC."]
[Black "Resurrection Deep Sjeng, Phoenix Chess"]
[Result "1-0"]
[WhiteElo "2405"]
[BlackElo "2250"]
[PlyCount "69"]

1. e4 c5 2. Nf3 d6 3. Bb5+ Bd7 4. Bxd7+ Qxd7 5. c4 Nc6 6. d4 cxd4 7. Nxd4 Nf6
8. Nc3 g6 9. f3 Bg7 10. Be3 O-O 11. O-O a6 12. Nxc6 bxc6 13. Qd2 Rfb8 14. b3
Qe6 15. Rac1 a5 16. Rfd1 Nd7 17. Ne2 a4 18. b4 Ne5 19. Nf4 Qf6 20. c5 Rd8 21.
b5 Bh6 22. bxc6 Nxc6 23. Nd5 Bxe3+ 24. Qxe3 Qe5 25. f4 Qe6 26. Nc7 Qd7 27. Nxa8
Rxa8 28. cxd6 exd6 29. Qb6 Rc8 30. Qb5 a3 31. e5 d5 32. Rxd5 Qa7+ 33. Kh1 Qe3
34. Rdd1 h6 35. Rxc6 1-0

[Event "2. Online Aktivschach WM"]
[Site "Viertelfinale A / Chessgate"]
[Date "2006.03.06"]
[Round "2"]
[White "Resurrection Deep Sjeng, Phoenix Chess"]
[Black "R30 V2.2, TASC."]
[Result "1-0"]
[WhiteElo "2250"]
[BlackElo "2405"]
[PlyCount "67"]

1. e4 c5 2. Nf3 Nc6 3. d4 cxd4 4. Nxd4 e5 5. Nb5 a6 6. Nd6+ Bxd6 7. Qxd6 Qf6 8.
Qd1 Qg6 9. Nc3 d5 10. Nxd5 Qxe4+ 11. Be2 Kf8 12. Nc7 Rb8 13. c3 Bf5 14. Bg5 Nd4
15. cxd4 Qxg2 16. Bf3 Qxg5 17. dxe5 Rd8 18. Qc1 Qe7 19. O-O Qxe5 20. Re1 Qa5
21. Bxb7 Qb6 22. Qc3 Nf6 23. Rad1 Bd7 24. Bxa6 Rb8 25. Qg3 g6 26. Qe5 Qxb2 27.
Rd4 Rb6 (27... Kg7 28. Nd5 Rb6 29. Nxb6 Re8 30. Qxf6+ Kxf6 31. Nxd7+ Kg7 32.
Red1 Re1+ 33. Bf1 Rxd1 34. Rxd1 Qc2 35. Rd6 Qxa2 36. Nc5 h5 $16) 28. Bc4 Rc6
29. Ne6+ Bxe6 30. Qxf6 Qxd4 31. Qxd4 Kg8 32. Bxe6 Rxe6 33. Rxe6 fxe6 34. a4 1-0

[Event "2. Online Aktivschach WM"]
[Site "Viertelfinale A / Chessgate"]
[Date "2006.03.10"]
[Round "3"]
[White "R30 V2.2, TASC."]
[Black "Resurrection Deep Sjeng, Phoenix Chess"]
[Result "1-0"]
[WhiteElo "2405"]
[BlackElo "2250"]
[PlyCount "74"]

1. e4 c5 2. c3 d5 3. exd5 Qxd5 4. d4 Nf6 5. Nf3 e6 6. Na3 Bd7 7. Nb5 Na6 8. Ne5
Be7 9. Be3 Qe4 10. Nxd7 Nxd7 11. dxc5 Bxc5 12. Nd6+ Bxd6 13. Qxd6 Nab8 14.
O-O-O Qe5 15. Qxe5 Nxe5 16. Bb5+ Nbc6 17. f4 a6 18. Be2 Ng6 19. g3 e5 20. f5
Nge7 21. Rhf1 Rd8 22. Rxd8+ Nxd8 23. Kb1 f6 24. Bc5 Kd7 25. Rd1+ Ke8 26. Bb6
Ndc6 27. Bc4 Nc8 28. Bc5 g6 29. Be6 N6e7 30. g4 gxf5 31. gxf5 b5 32. Rd7 h5 33.
Rb7 Rg8 34. Bxe7 Rg1+ 35. Kc2 Nxe7 36. Rb8+ Nc8 37. Bxc8 a5 1-0

[Event "2. Online Aktivschach WM"]
[Site "Viertelfinale A / Chessgate"]
[Date "2006.03.12"]
[Round "4"]
[White "Resurrection Deep Sjeng, Phoenix Chess"]
[Black "R30 V2.2, TASC."]
[Result "1/2-1/2"]
[WhiteElo "2250"]
[BlackElo "2405"]
[PlyCount "98"]

1. e4 c5 2. Nf3 Nc6 3. Bb5 g6 4. O-O Bg7 5. Re1 e5 6. Nc3 d6 7. Nd5 a6 8. Bc4
b5 9. Be2 Nge7 10. a4 Nxd5 11. axb5 Ncb4 12. c3 O-O 13. exd5 Nxd5 14. bxa6 e4
15. d4 exf3 16. Bxf3 Be6 17. c4 Nb4 18. Bxa8 Qxa8 19. d5 Bf5 20. Ra5 Qd8 21.
Rb5 Qh4 22. a7 Nd3 23. g3 Qd4 24. Be3 Qxc4 25. Rb8 Qxd5 26. Bg5 Qc6 27. a8=Q
Qxa8 28. Rxa8 Rxa8 29. Re3 c4 30. Be7 Bxb2 31. Qf3 Ra1+ 32. Kg2 h5 33. Qc6 Ne1+
34. Rxe1 Rxe1 35. Qe8+ Kh7 36. Qxf7+ Kh8 37. Bf6+ Bxf6 38. Qxf6+ Kg8 39. Qd8+
Kf7 40. Qc7+ Ke6 41. Qxc4+ Ke7 42. f3 Ra1 43. Kf2 Rh1 44. h4 Rh2+ 45. Ke3 Rg2
46. Qf4 Ke6 47. Qc4+ Ke7 48. Qf4 Ke6 49. Qc4+ Ke7 1/2-1/2

[Event "2. Online Aktivschach WM"]
[Site "Viertelfinale A / Chessgate"]
[Date "2006.03.13"]
[Round "5"]
[White "R30 V2.2, TASC."]
[Black "Resurrection Deep Sjeng, Phoenix Chess"]
[Result "1-0"]
[WhiteElo "2405"]
[BlackElo "2250"]
[PlyCount "93"]

1. e4 e5 2. Nf3 Nc6 3. Bb5 a6 4. Ba4 Nf6 5. O-O Nxe4 6. d4 b5 7. Bb3 d5 8. dxe5
Be6 9. Qe2 Bc5 10. Nbd2 Nxd2 11. Bxd2 O-O 12. Qd3 Ne7 13. Rad1 c6 14. Be3 Bxe3
15. Qxe3 Rc8 16. c4 bxc4 17. Bxc4 Qa5 18. Bd3 Bg4 19. Rc1 Bxf3 20. Qxf3 Qxa2
21. Qh3 h6 22. Qd7 Rfe8 23. e6 fxe6 24. Rfe1 Qxb2 25. Bxa6 Rcd8 26. Qxe6+ Kh8
27. Bd3 Qd2 28. Rcd1 Qc3 29. Re3 Ng8 30. Qxe8 Rxe8 31. Rxe8 g5 32. Bf5 Kg7 33.
Be6 Nf6 34. Re7+ Kf8 35. Rc7 Ke8 36. Rb1 Kd8 37. Ra7 Qe5 38. Bf5 h5 39. g3 d4
40. Bd3 Nd5 41. Rbb7 Kc8 42. Rf7 Kb8 43. Rab7+ Kc8 44. Ba6 Qe1+ 45. Kg2 Qe4+
46. f3 Qc2+ 47. Kh3 1-0

[Event "2. Online Aktivschach WM"]
[Site "Viertelfinale B / Chessgate"]
[Date "2006.03.11"]
[Round "1"]
[White "Sparc, Saitek"]
[Black "Resurrection Ruffian, Phoenix Chess"]
[Result "0-1"]
[WhiteElo "2174"]
[BlackElo "2400"]
[PlyCount "96"]

1. d4 d5 2. c4 dxc4 3. e4 c5 4. d5 Nf6 5. Nc3 b5 6. e5 b4 7. exf6 bxc3 8. bxc3
Qa5 9. Bd2 gxf6 10. Bxc4 Nd7 11. Rb1 Nb6 12. Bb5+ Bd7 13. Bxd7+ Nxd7 14. Qb3
Rb8 15. Qc2 Rxb1+ 16. Qxb1 Qa6 17. Ne2 e6 18. dxe6 fxe6 19. Bf4 e5 20. Be3 Rg8
21. Qxh7 Rxg2 22. Qh5+ Kd8 23. Qf3 Rg7 24. Qd5 Bd6 25. Ng3 Qb6 26. Qe4 Bb8 27.
Bh6 Rg8 28. h4 Qe6 29. Qe2 Kc8 30. Bc1 e4 31. Nh5 Be5 32. Bd2 f5 33. c4 Qb6 34.
Kf1 Rg4 35. Be1 Qe6 36. a3 Nb6 37. a4 Nxc4 38. Rg1 Rxh4 39. Ng7 Bxg7 40. Rxg7
f4 41. Kg1 f3 42. Qf1 Qh6 43. Qg2 fxg2 44. Rg8+ Kb7 45. Rh8 Qxh8 46. Kxg2 Rh2+
47. Kf1 Qh3+ 48. Ke2 Qd3# 0-1

[Event "2. Online Aktivschach WM"]
[Site "Viertelfinale B / Chessgate"]
[Date "2006.03.11"]
[Round "2"]
[White "Resurrection Ruffian, Phoenix Chess"]
[Black "Sparc, Saitek"]
[Result "1-0"]
[WhiteElo "2400"]
[BlackElo "2174"]
[PlyCount "61"]

1. Nf3 d5 2. c4 e6 3. d4 c6 4. Nbd2 Nf6 5. e3 Qa5 6. Bd3 dxc4 7. Bxc4 Bd6 8.
O-O O-O 9. Bd3 Be7 10. Nc4 Qc7 11. Bd2 Na6 12. Qb3 Nd5 13. Qc2 g6 14. a3 c5 15.
Rac1 cxd4 16. exd4 Nf4 17. Rfe1 Rd8 18. Be4 Nd5 19. Qd3 Qb8 20. Nfe5 Bf8 21.
Bg5 f6 22. Bxg6 hxg6 23. Qxg6+ Bg7 24. Qf7+ Kh8 25. Bxf6 Nxf6 26. Rc3 Qxe5 27.
Nxe5 Rxd4 28. Ng6+ Kh7 29. Rh3+ Rh4 30. Rxh4+ Nh5 31. Rxh5# 1-0

[Event "2. Online Aktivschach WM"]
[Site "Viertelfinale B / Chessgate"]
[Date "2006.03.16"]
[Round "3"]
[White "Sparc, Saitek"]
[Black "Resurrection Ruffian, Phoenix Chess"]
[Result "0-1"]
[WhiteElo "2174"]
[BlackElo "2400"]
[PlyCount "106"]

1. d4 Nf6 2. c4 e6 3. Nc3 Bb4 4. Qc2 c5 5. dxc5 O-O 6. Nf3 Na6 7. g3 Nxc5 8.
Bg2 Nce4 9. O-O Nxc3 10. bxc3 Be7 11. e4 d6 12. e5 dxe5 13. Nxe5 Qc7 14. Qe2
Nd7 15. Bf4 Nxe5 16. Bxe5 Bd6 17. Bxd6 Qxd6 18. Rfd1 Qc7 19. Rab1 Re8 20. Rb5
g6 21. Kh1 Re7 22. f4 a6 23. Rbb1 e5 24. Re1 e4 25. Red1 f5 26. g4 Be6 27. gxf5
Bxf5 28. Rf1 Rc8 29. Rb4 a5 30. Ra4 Bd7 31. Ra3 a4 32. Qd2 Qxc4 33. Qd4 Qc5 34.
Qxc5 Rxc5 35. Re1 Bc6 36. Kg1 g5 37. fxg5 Rxg5 38. h4 Rg4 39. Kh2 Rxh4+ 40. Kg3
Rh6 41. Re2 Rg7+ 42. Kf4 Rh4+ 43. Kf5 Rh2 44. Bf1 Rh5+ 45. Kf4 Bb5 46. c4 Bxc4
47. Rf2 Rf7+ 48. Kg4 Be6+ 49. Kxh5 Rxf2 50. Rg3+ Kf7 51. Bg2 e3 52. Rf3+ Rxf3
53. Bxf3 Bxa2 0-1

[Event "2. Online Aktivschach WM"]
[Site "Viertelfinale B / Chessgate"]
[Date "2006.03.16"]
[Round "4"]
[White "Resurrection Ruffian, Phoenix Chess"]
[Black "Sparc, Saitek"]
[Result "1-0"]
[WhiteElo "2400"]
[BlackElo "2174"]
[PlyCount "115"]

1. e4 e6 2. d4 d5 3. Nc3 Bb4 4. e5 c5 5. a3 Bxc3+ 6. bxc3 Ne7 7. Nf3 Bd7 8.
dxc5 Ng6 9. c4 dxc4 10. Qd6 Qa5+ 11. Bd2 Qa4 12. Be2 Na6 13. Rd1 Qxc2 14. Bg5
Nb8 15. Kf1 h6 16. c6 bxc6 17. Be3 Ne7 18. Bc5 Nc8 19. Qc7 Qa4 20. Qb7 Nb6 21.
Nd4 Qa6 22. Qc7 h5 23. Rb1 Qc8 24. Qd6 Qd8 25. Nc2 Na6 26. Bxb6 axb6 27. Bxc4
Nc5 28. Be2 Nb7 29. Qd4 b5 30. Rd1 Qc7 31. h4 O-O-O 32. Qc3 Qb6 33. Qg3 Qc5 34.
Nb4 g6 35. Qf4 Rhf8 36. Rc1 Qb6 37. Rh3 c5 38. Rhc3 Kb8 39. Nd3 c4 40. Nb4 Nc5
41. Rb1 Nb3 42. Kg1 Rc8 43. Rd1 Qa7 44. Bf3 Nc5 45. Kh1 Rcd8 46. Qg5 Kc8 47.
Qe7 Qc7 48. Kg1 Qxe5 49. Rd5 Qe1+ 50. Kh2 Ne4 51. Rc5+ Kb8 52. Nc6+ Bxc6 53.
Rxc6 Rd7 54. Qxd7 Qh1+ 55. Kxh1 Nxf2+ 56. Kg1 Nh3+ 57. Kh2 Nf2 58. Rb6# 1-0

[Event "2. Online Aktivschach WM"]
[Site "Halbfinale 1 / Chessgate"]
[Date "2006.04.08"]
[Round "1"]
[White "R30 V2.2, TASC."]
[Black "Atlanta, Mephisto"]
[Result "1-0"]
[WhiteElo "2405"]
[BlackElo "2232"]
[PlyCount "102"]

1. d4 d5 2. c4 e6 3. Nc3 c5 4. cxd5 exd5 5. Nf3 Nc6 6. g3 Nf6 7. Bg2 Be7 8. O-O
Be6 9. dxc5 Bxc5 10. Bg5 O-O 11. Bxf6 Qxf6 12. Nxd5 Qxb2 13. Nc7 Rad8 14. Qc1
Qxc1 15. Raxc1 b6 16. Nxe6 fxe6 17. Rfd1 e5 18. e3 h6 19. Ng5 Rxd1+ 20. Rxd1
Rd8 21. Rxd8+ Nxd8 22. Bd5+ Kf8 23. Nf3 Bd6 24. Nh4 a6 25. Kg2 Ke8 26. Nf5 Bf8
27. Kf3 h5 28. Ke4 Nf7 29. Bxf7+ Kxf7 30. Kxe5 b5 31. e4 Bc5 32. Nd4 Be7 33.
Kd5 h4 34. Nf5 hxg3 35. hxg3 Ba3 36. Kc6 g6 37. Ne3 Bb4 38. Kb6 Be1 39. Ng4 Ke7
40. Kxa6 b4 41. Kb5 Ke6 42. Kc5 Bd2 43. f4 Be1 44. Ne5 g5 45. Nd3 Bxg3 46. fxg5
Bd6+ 47. Kb5 b3 48. axb3 Kf7 49. Kc6 Be7 50. e5 Bxg5 51. Kd7 Kg6 1-0

[Event "2. Online Aktivschach WM"]
[Site "Halbfinale 1 / Chessgate"]
[Date "2006.04.08"]
[Round "2"]
[White "Atlanta, Mephisto"]
[Black "R30 V2.2, TASC."]
[Result "0-1"]
[WhiteElo "2232"]
[BlackElo "2405"]
[PlyCount "87"]

1. e4 c6 2. d4 d5 3. Nc3 dxe4 4. Nxe4 Nd7 5. Bd3 Ngf6 6. Ng5 e6 7. N1f3 Bd6 8.
c3 Qc7 9. O-O c5 10. Be3 c4 11. Bc2 h6 12. Ne4 Nxe4 13. Bxe4 Nf6 14. Bc2 b5 15.
a4 b4 16. cxb4 Bb7 17. b5 Rd8 18. h3 O-O 19. Qe2 Nd5 20. a5 Rfe8 21. Rfc1 Nf4
22. Bxf4 Bxf4 23. Rd1 Bd5 24. Ne5 Rb8 25. b6 axb6 26. a6 b5 27. Ra3 Ra8 28.
Rda1 f6 29. Ng6 Bh2+ 30. Kh1 Bd6 31. Ra5 c3 32. Bd3 b4 33. Nh4 b3 34. bxc3 Qxc3
35. Qe3 Rec8 36. Bf5 b2 37. Qxc3 Rxc3 38. Rg1 exf5 39. Rxd5 Rc1 40. Rb5 Rxg1+
41. Kxg1 Rxa6 42. Kf1 Ra1+ 43. Ke2 b1=Q 44. Rxb1 0-1

[Event "2. Online Aktivschach WM"]
[Site "Halbfinale 1 / Chessgate"]
[Date "2006.04.09"]
[Round "3"]
[White "R30 V2.2, TASC."]
[Black "Atlanta, Mephisto"]
[Result "0-1"]
[WhiteElo "2405"]
[BlackElo "2232"]
[PlyCount "192"]
[TimeControl "36000"]

1. e4 c5 2. Nf3 d6 3. Bb5+ Nc6 4. O-O Bg4 5. h3 Bh5 6. c3 Qb6 7. Ba4 O-O-O 8.
d3 Ne5 9. g4 Nxf3+ 10. Qxf3 Bg6 11. Na3 e6 12. Nc4 Qa6 13. Bc2 h5 14. Re1 hxg4
15. hxg4 Ne7 16. Bf4 Nc6 17. a4 Be7 18. Bg3 Rh3 19. Kg2 Rh7 20. Qe3 d5 21. exd5
exd5 22. Ne5 Nxe5 23. Bxe5 Bd6 24. Rad1 Re8 25. Qg3 Rxe5 26. Rxe5 Qc6 27. f3
Qc7 28. f4 Bxe5 29. fxe5 Kd7 30. Re1 Qb6 31. b3 d4 32. cxd4 cxd4 33. Qf3 Ke6
34. Re2 Rh8 35. Kg1 Rc8 36. a5 Qc6 37. Qg3 Qc3 38. Qf3 Rc7 39. Qh3 Qa1+ 40. Kh2
Rc8 41. Qf3 Rb8 42. Qf2 Qc3 43. Qf3 Qxa5 44. Kg2 Qa1 45. Qh3 Rc8 46. Qf3 Qa2
47. Qf2 Qb2 48. Bd1 Qc3 49. Rc2 Qxd3 50. Rxc8 Qxd1 51. Qf4 Qe2+ 52. Kh3 Qe3+
53. Qxe3 dxe3 54. Kg3 Bd3 55. Re8+ Kd7 56. Rf8 Ke7 57. Rg8 g6 58. Kf3 e2 59.
Kf2 a5 60. Rc8 Ke6 61. Rc3 Ba6 62. Re3 Bb5 63. Rf3 b6 64. Re3 Ba6 65. Ke1 Kd5
66. Kd2 Bc8 67. Kxe2 Bxg4+ 68. Kf2 Kd4 69. Rg3 Be6 70. Ke2 Kxe5 71. Re3+ Kd4
72. Rg3 b5 73. Kd2 f5 74. b4 axb4 75. Rxg6 Bc4 76. Rd6+ Bd5 77. Rb6 Kc4 78. Rh6
Be4 79. Kc1 Kc3 80. Rh4 b3 81. Rh2 f4 82. Rf2 f3 83. Rd2 b4 84. Rh2 Bd3 85.
Rc2+ Kd4 86. Rh2 Ke3 87. Kb2 Bc4 88. Rh4 f2 89. Rxc4 f1=Q 90. Rxb4 Qf6+ 91.
Kxb3 Kd3 92. Ka2 Kc3 93. Rb3+ Kc2 94. Ka3 Qa1+ 95. Kb4 Qd4+ 96. Kb5 Kxb3 0-1